000 00438pab a2200169 454500
008 180718b2009 xxu||||| |||| 00| 0 eng d
100 _aFaggian, Alessandra
245 _aHuman capital, graduate migration and innovation in British regions
260 _c2009
300 _ap.317-33.
362 _aMar
650 _aMigration
700 _aMcCann, Philip
773 _aCambridge Journal of Economics
908 _aN
909 _a82845
999 _c82845
_d82845